000 00580 a2200193 4500
005 20250326165922.0
010 _aENG-144290
020 _a9789385606403
_c600.00
035 _aEN-127822
037 _bDBAD
037 _bDBAD
082 _a921
100 _aShiva, Vandana
_979959
245 _aTerra Viva:
_bMy Life in a Biodiversity of Movements/
_cby Vandana Shiva
260 _aNew Delhi
_bWomen Unlimited
_c2022
270 _aK-36, Hauz Khas Enclave, Ground Floor,
_bNew Delhi
_e110 016
300 _a250p.
_c22cm(pb)
942 _adpl
_cEN
_2ddc
_h921
_mSHI
999 _c210531
_d210531